International co-operation for habitat and urban development directory of non-governmental organisations in OECD countries
Salvato in:
| Natura: | Libro |
|---|---|
| Lingua: | inglese francese |
| Pubblicazione: |
Paris
OECD
1997
|
| Soggetti: | |
| Tags: |
Nessun Tag, puoi essere il primo ad aggiungerne!!
|
MARC
| LEADER | 00000nam a2200000 4500 | ||
|---|---|---|---|
| 001 | c119228 | ||
| 005 | 20250509080812.9 | ||
| 020 | |a 92-64-05537-1 | ||
| 041 | 0 | |a eng | |
| 041 | 0 | |a fre | |
| 044 | |a FR | ||
| 245 | 1 | 0 | |a International co-operation for habitat and urban development |b directory of non-governmental organisations in OECD countries |
| 264 | 1 | |a Paris |b OECD |c 1997 | |
| 300 | |a 508 s. | ||
| 610 | 2 | 0 | |a organizácie nevládne |
| 610 | 2 | 0 | |a rozvoj regionálny |
| 610 | 2 | 0 | |a spolupráca medzinárodná |
| 610 | 2 | 0 | |a OECD |